[Event "?"]
[Site "Berliner Sommer"]
[Date "1995.??.??"]
[Round "?"]
[White "Eckardt Bernd"]
[Black "Weclawski, Doris"]
[Result "0-1"]
[WhiteElo "1682"]
[BlackElo "2080"]

1.e4 Nf6 2.e5 Nd5 3.d4 d6 4.f4 e6 5.Nf3 Be7 6.Bd3 Nb4 7.Bc4 d5 8.Bb3 c5
9.c3 N4c6 10.O-O Qb6 11.Na3 a6 12.Bc2 Bd7 13.Bb1 Na7 14.Nc2 Nbc6
15.a4 Rc8 16.Ne3 g6 17.b3 Na5 18.Bc2 Qc7 19.Rf2 cxd4 20.cxd4 N7c6
21.Bb2 Qb6 22.Rb1 Nb4 23.Ba1 Qc7 24.Bd3 b5 25.axb5 Bxb5 26.Bxb5+ axb5
27.Rf1 h6 28.Bb2 Kd7 29.Qe2 Qb6 30.Ba1 Rc7 31.Rfd1 Nbc6 32.Rdc1 b4
33.Qd2 Rhc8 34.g4 Na7 35.Rxc7+ Rxc7 36.Qd1 Nb5 37.Bb2 Nc3 38.Bxc3 bxc3
39.Qc2 Bb4 40.f5 gxf5 41.gxf5 Nc6 42.fxe6+ fxe6 43.Qh7+ Be7 44.Nc2 Qb5
45.Kf2 Ra7 46.Qxh6 Qd3 47.Qc1 Ra2 48.Nfe1 Qxd4+ 49.Qe3 Bh4+ 50.Kf1 Qxe5
51.Qxe5 Nxe5 52.b4 Bxe1 53.Nxe1 Rxh2 54.b5 Rb2 55.Rc1 d4 0-1

[Event "?"]
[Site "Berliner Sommer"]
[Date "1995.??.??"]
[Round "?"]
[White "Reich, Hartmut"]
[Black "Seel, Daniela"]
[Result "1/2-1/2"]
[WhiteElo "1725"]
[BlackElo "1483"]

1.e4 c5 2.c3 d6 3.d4 cxd4 4.cxd4 Nf6 5.Nc3 g6 6.Nf3 Bg7 7.Bd3 O-O
8.O-O Nbd7 9.Bg5 Nb6 10.Qd2 Bd7 11.Rac1 Rc8 12.b3 Ne8 13.Nb5 a6
14.Rxc8 Nxc8 15.Nc3 Bg4 16.Be2 Nc7 17.h3 Bd7 18.Rc1 b5 19.Bh6 e6
20.e5 Bc6 21.Bxg7 Kxg7 22.exd6 Nxd6 23.Ne5 Ba8 1/2-1/2

[Event "?"]
[Site "Berliner Sommer"]
[Date "1995.??.??"]
[Round "?"]
[White "Manner, Martin"]
[Black "Klausner Siegfried"]
[Result "1/2-1/2"]
[WhiteElo "2130"]
[BlackElo "1860"]

1.d4 f5 2.e4 fxe4 3.Nc3 Nf6 4.f3 d5 5.fxe4 dxe4 6.Bc4 Bf5 7.Nge2 e6
8.O-O Bd6 9.d5 Bxh2+ 10.Kxh2 Ng4+ 11.Kg1 Qh4 12.Bf4 e5 13.Bg3 Qg5
14.Bb5+ Nd7 15.d6 c6 16.Nd5 cxd5 17.Qxd5 Qe3+ 18.Bf2 Qh6 19.Bg3 Qe3+
20.Rf2 O-O-O 21.Ba6 bxa6 22.Qc6+ 1/2-1/2

[Event "?"]
[Site "Berliner Sommer"]
[Date "1995.??.??"]
[Round "?"]
[White "Siegler, Wolfgang"]
[Black "Foerster, Jonas"]
[Result "1-0"]
[WhiteElo "1990"]
[BlackElo "1540"]

1.d4 Nf6 2.c4 g6 3.Nc3 Bg7 4.e4 d6 5.f3 O-O 6.Bg5 h6 7.Be3 e5 8.d5 a5
9.Qd2 Kh7 10.Bd3 Bd7 11.Nge2 Na6 12.O-O Ne8 13.Ng3 f5 14.exf5 gxf5
15.Nh5 Qh4 16.Nxg7 Nxg7 17.f4 e4 18.Be2 Be8 19.Rf2 Bh5 20.Bf1 Ne8
21.Bd4 Nf6 22.g3 Qg4 23.Nd1 Qg6 24.Ne3 Ng4 25.Nxg4 Bxg4 26.Re1 Rg8
27.Re3 h5 28.Bg2 h4 29.h3 Bf3 30.Bxf3 hxg3 31.Rfe2 exf3 32.Re7+ Kh6
33.R2e6 f2+ 34.Kg2 Rae8 35.Rxg6+ Kxg6 36.Qe3 Rxe7 37.Qxe7 Nc5 38.Qf6+ Kh5
39.Qxf5+ Kh6 40.Qf6+ Kh5 41.Qf7+ Rg6 42.Bxc5 Kh6 43.Be3 f1=Q+ 44.Kxf1 g2+
45.Kg1 Rg3 46.f5+ 1-0

[Event "?"]
[Site "Berliner Sommer"]
[Date "1995.??.??"]
[Round "?"]
[White "Wuttke, Stefan"]
[Black "Meis, Carsten"]
[Result "1/2-1/2"]
[WhiteElo "1433"]
[BlackElo "1945"]

1.e4 g6 2.d4 Bg7 3.Nf3 d6 4.Bc4 c6 5.Nc3 Nf6 6.Bg5 Nbd7 7.O-O O-O 8.h3 b5
9.Bd3 h6 10.Be3 Qc7 11.a3 a6 12.Nd2 e5 13.dxe5 dxe5 14.f4 exf4
15.Bxf4 Qb6+ 16.Kh1 Nh5 17.Bd6 Be5 18.Bxe5 Nxe5 19.Qe1 g5 20.Be2 Nf4
21.Qg3 Kh7 22.Nf3 f6 23.Nxe5 fxe5 24.Bg4 Qc7 25.Rad1 1/2-1/2

[Event "?"]
[Site "Berliner Sommer"]
[Date "1995.??.??"]
[Round "?"]
[White "Schoengart Ralf"]
[Black "Boehsmueller, Raimund"]
[Result "1-0"]
[WhiteElo "1980"]
[BlackElo "2310"]

1.d4 Nf6 2.Nf3 g6 3.Bf4 Bg7 4.Nbd2 O-O 5.e3 d6 6.Be2 Nbd7 7.c3 Qe8
8.Qb3 e5 9.Bg3 a5 10.O-O a4 11.Qc2 Nh5 12.Bb5 c6 13.Bxa4 f5 14.dxe5 dxe5
15.Bb3+ Kh8 16.Nc4 h6 17.Rad1 b5 18.Nd6 Qe7 19.Nh4 Rf6 20.Nxg6+ Rxg6
21.Nxc8 Rxc8 22.Qxf5 Nxg3 23.hxg3 Rd6 24.Rxd6 Qxd6 25.Rd1 Rf8 26.Qxd7 Qf6
27.Rd2 h5 28.Qd6 Qg5 29.Qe6 Bh6 30.f4 exf4 31.gxf4 Qf6 32.Rd6 1-0

[Event "?"]
[Site "Berliner Sommer [Fiedler, W."]
[Date "1995.??.??"]
[Round "?"]
[White "Fiedler, Wolfgang"]
[Black "Tatliak, Stefan"]
[Result "0-1"]
[WhiteElo "1965"]
[BlackElo "1735"]

1.d4 Nf6 2.c4 e6 3.Nc3 Bb4 4.Qc2 c5 5.dxc5 Bxc5 6.Nf3 O-O 7.Bg5 h6
8.Bh4 Nc6 9.a3 a6 10.b4 Be7 11.e4 d6 12.Rd1 Qc7 13.Be2 Nb8 14.O-O Nbd7
15.c5 dxc5 16.e5 Nxe5 17.Nxe5 Qxe5 18.Bg3 Qg5 19.f4 Qg6 20.Bd3 Qh5
21.Be2 Qg6 22.Bd3 Qh5 23.Rde1 cxb4 24.Re5 Qg4 25.Ne2 g5 26.h3 Qh5
27.Be1 Bd8 28.Ng3 Qh4 29.Ne4 Qh5 30.Nxf6+ Bxf6 31.Rf3 {Zeitnotfehler (1,5 min
zum 40.Zug).} (31.Kh2 Bxe5 32.g4 Bxf4+ (32...gxf4 33.gxh5 f3+) 33.Rxf4
(33.Kg2 b5 (33...Qg6 34.Bxg6 fxg6 35.Qxg6+ Kh8 36.Qxh6+ Kg8 37.Bxb4)
34.gxh5 Bb7+ 35.Be4 Rac8 36.Qb1 Bxe4+ 37.Qxe4 bxa3) 33...gxf4 34.gxh5 f5
35.Bxb4 Rf7) 31...Qxf3 32.gxf3 Bxe5 33.fxe5 Bd7 34.Bxb4 Rfc8 35.Qe2 Rc1+
36.Kf2 Bc6 37.Qd2 Rh1 38.Kg2 Ra1 39.Be2 Bd5 40.Qd4 Ra2 41.Kf1 Rc8
42.Bc3 Rxa3 43.Bb2 Ra2 44.Bd3 b5 45.Bb1 Ra4 46.Qd2 Rf4 47.Ke1 Rxf3
48.h4 Rh3 49.Qf2 Rh1+ 50.Kd2 Rxb1 51.Bd4 Be4 52.Ke3 Rc2 0-1

[Event "?"]
[Site "Berliner Sommer [W.Schilow"]
[Date "1995.??.??"]
[Round "?"]
[White "Schian, Thomas"]
[Black "Ibragimov, Ildar"]
[Result "0-1"]
[WhiteElo "2210"]
[BlackElo "2580"]

1.c4 f5 2.Nc3 Nf6 3.g3 g6 4.Bg2 Bg7 5.d4 d6 6.Nf3 O-O 7.O-O Qe8 8.Re1 Qf7
9.d5 Ne4 10.Qc2 Nxc3 11.bxc3 Na6 12.e4 e5 13.Ng5 Qf6 14.exf5 gxf5
15.Rb1 Nc5 16.f4 e4 17.Bd2 Bd7 18.Be3 Qxc3 19.Qxc3 Bxc3 20.Rec1 Ba5
21.Bxc5 dxc5 22.Kf2 h6 23.Ne6 Bxe6 24.dxe6 b6 25.Rd1 Rae8 26.Rd7 Rxe6
27.Rbd1 Rf7 28.Bh3 e3+ 29.Ke2 Bd2 30.Rxf7 Kxf7 31.Bxf5 Rd6 32.Bd3 h5
33.Rb1 Kf6 34.h3 Kg7 35.Rh1 Rd4 36.Rf1 b5 37.cxb5 Rxd3 38.Kxd3 c4+
39.Kxc4 e2 40.Rg1 e1=Q 41.Rxe1 Bxe1 42.g4 h4 43.Kd5 Kf6 44.a4 Bd2
45.Ke4 Ke6 46.Kf3 Be1 47.Ke4 Bd2 48.Kf3 Bc3 49.Ke4 Be1 50.Kd4 Bf2+
51.Ke4 Bg3 52.Kf3 Kd5 53.Ke3 c6 54.bxc6 Kxc6 55.Ke4 Kd6 56.Kf5 Ke7
57.g5 a6 58.Kg4 Ke6 59.f5+ Ke5 60.f6 Ke6 61.Kh5 Kf5 62.f7
(62.g6 {verliert wegen} 62...Kxf6 63. Kh6 Be5 64.Kh7 Kg5!) 62...Bd6
63.Kxh4 Kg6 64.Kg4 Kxf7 65.h4 Ke6 66.Kh5 Bg3 67.Kg4 Be1 68.Kh5 a5?
69.g6?? (69.Kh6!! Bxh4 70.g6 Bf6 71.g7 Kf7 72.Kh7 Bxg7 {Patt.}) 69...Bd2
70.Kg4 Kf6 71.h5 Bh6 72.Kf3 Kg5 73.Ke4 Kxh5 74.Kf5 Bg7 0-1

[Event "?"]
[Site "Berliner Sommer"]
[Date "1995.??.??"]
[Round "?"]
[White "Hoppe, Frank"]
[Black "Pfeiffer, Joerg"]
[Result "1-0"]
[WhiteElo "1905"]
[BlackElo "1648"]

1.e4 c5 2.Nf3 d6 3.d4 cxd4 4.Nxd4 Nf6 5.Nc3 e6 6.Be3 a6 7.f3 Be7 8.Qd2 Qc7
9.Bd3 Nc6 10.Nxc6 Qxc6 11.O-O O-O 12.Ne2 b5 13.Rac1 Bb7 14.c4 bxc4
15.Bxc4 Qd7 16.Rfd1 e5 17.Nc3 Rfc8 18.Nd5 Nxd5 19.Bxd5 Rxc1 20.Rxc1 Rc8
21.Bc4 g6 22.b3 Kg7 23.Bh6+ Kg8 24.Rd1 Qc7 25.g4 Rd8 26.Kg2 Qc8
27.Kg3 Bf8 28.Bg5 Rd7 29.Rc1 Qa8 30.Rd1 Kg7 31.h4 Bc6 32.a4 Rc7
33.Bh6+ Kg8 34.Bxf8 Qxf8 35.Qxd6 Qxd6 36.Rxd6 Bxa4 37.Rxa6 Bd7 38.Ra5 Kg7
39.Rxe5 1-0

[Event "?"]
[Site "Berliner Sommer"]
[Date "1995.??.??"]
[Round "?"]
[White "Dgebuadze, Alexandre"]
[Black "Rechlis, Gad"]
[Result "1/2-1/2"]
[WhiteElo "2435"]
[BlackElo "2490"]

1.e4 c5 2.Nf3 d6 3.d4 cxd4 4.Nxd4 Nf6 5.Nc3 Nc6 6.Bc4 e6 7.Be3 Be7
8.Qe2 a6 9.O-O-O Qc7 10.Rhg1 Na5 11.Bd3 b5 12.g4 b4 13.Nb1 d5 14.Nd2 Bb7
15.f3 dxe4 16.fxe4 Nd7 17.Kb1 Bc5 18.g5 Qb6 19.N2f3 Nc6 20.Qf2 Nxd4
21.Nxd4 Rd8 22.h4 O-O 23.h5 Ne5 24.Nf5 Bxe3 25.Nxe3 Rd7 26.h6 Rfd8
27.hxg7 Nxd3 28.cxd3 Rxd3 29.Rdf1 R3d7 30.g6 hxg6 31.Rg4 Qd4
32.Rh4 Kxg7? (32...Bxe4+ 33.Kc1 (33.Ka1 Qd1+) 33... Rc8+ 34.Nc2 Rxc2+
35.Qxc2 Qe3+) 33.Ka1?? Rh8?? 34.Rf4 Rf8 35.Rf6 Bxe4 36.Qf4 e5
37.Rxg6+! Bxg6 38.Qf6+ Kg8 39.Rh1 Bh5 40.Qg5+ Bg6 41.Qf6 Bh5 42.Qg5+ Bg6
43.Qf6 Bh7 1/2-1/2

[Event "?"]
[Site "Berliner Sommer"]
[Date "1995.??.??"]
[Round "?"]
[White "Koerner, Helmut"]
[Black "Otte, Marco"]
[Result "1/2-1/2"]
[WhiteElo "1845"]
[BlackElo "2065"]

1.b4 d5 2.Bb2 Nf6 3.e3 g6 4.Nf3 Bg7 5.c4 c6 6.Qb3 O-O 7.cxd5 cxd5
8.Be2 Na6 9.O-O b6 10.Nc3 Nc7 11.Rfc1 Bb7 12.a4 Nfe8 13.Nb5 Ne6
14.Bxg7 N8xg7 15.Ne5 a6 16.Nd4 Nxd4 17.exd4 Qd6 18.a5 Ne6 19.Qb2 Rfb8
20.Nd3 Bc6 21.axb6 Bb5 22.Bf1 Bxd3 23.Bxd3 Rxb6 24.Ra4 Rab8 25.Qa1 Qf4
26.Bxa6 Rxb4 27.Rc8+ Kg7 28.Rxb8 Rxb8 29.Qc3 Rb1+ 30.Bf1 Rd1 31.Qe3 Rxd2
32.g3 Qh6 33.Qe5+ Kg8 34.Ra8+ Nf8 35.Qxd5 Qg7 36.Qe5 Qxe5 37.dxe5 Rd5
38.f4 Rd2 39.Re8 e6 40.Ra8 Kg7 41.Bb5 g5 42.Ra4 gxf4 43.gxf4 Ng6
44.Bc6 h5 45.Bf3 Kh6 46.h3 Rd3 47.Bg2 Nh4 48.Bf1 Rd2 49.Ra3 Rd4
50.Re3 Rxf4 51.Bg2 Nxg2 52.Kxg2 Kg5 53.Rg3+ Kf5 54.Re3 h4 55.Re2 Kg6
56.Re3 Kg7 57.Re2 Kf8 58.Re3 Ke7 59.Re2 Kd7 60.Rd2+ Kc6 61.Rd8 Kc5
62.Rh8 Kd4 63.Rh5 Ke4 64.Kg1 Kf3 65.Kh2 Ra4 66.Rh7 Rf4 67.Rh5 Rf5
68.Rxh4 Rxe5 69.Rb4 Re2+ 70.Kh1 Kg3 71.Rb3+ Kh4 72.Kg1 e5 73.Rf3 e4
74.Rxf7 Kxh3 75.Rg7 Rb2 76.Kf1 1/2-1/2

[Event "?"]
[Site "Berliner Sommer"]
[Date "1995.??.??"]
[Round "?"]
[White "Rause, Olita"]
[Black "Schmidt, Andreas"]
[Result "1-0"]
[WhiteElo "2320"]
[BlackElo "1980"]

1.e4 e6 2.d4 d5 3.Nc3 Bb4 4.Nge2 dxe4 5.a3 Bxc3+ 6.Nxc3 Nc6 7.Be3 Nf6
8.Qd2 O-O 9.O-O-O Nd5 10.Nxe4 Nxe3 11.Qxe3 a6 12.h4 b5 13.h5 h6
14.Nc5 Ne7 15.Bd3 Nf5 16.Qe4 Re8 17.g4 Qxd4 18.gxf5 Qxc5 19.f6 g5
20.hxg6 Qg5+ 21.f4 Qf5 22.gxf7+ Kxf7 1-0

[Event "?"]
[Site "Berliner Sommer"]
[Date "1995.??.??"]
[Round "?"]
[White "Kalinichev, Sergey L"]
[Black "Bachmann, Andreas"]
[Result "1-0"]
[WhiteElo "2470"]
[BlackElo "2265"]

1.e4 c6 2.c4 e5 3.Nf3 d6 4.d4 Bg4 5.dxe5 Bxf3 6.gxf3 dxe5 7.Qxd8+ Kxd8
8.f4 f6 9.Nc3 Nd7 10.Bh3 Bc5 11.fxe5 Nxe5 12.Ke2 Nxc4 13.Rd1+ Ke8
14.Rd7 Ne7 15.Na4 Bb6 16.Be6 Ba5 17.b3 Nb6 18.Rxb7 Rd8 19.Ba3 Nbc8
20.Rd1 h5 21.Bd7+ 1-0

[Event "?"]
[Site "Berliner Sommer"]
[Date "1995.??.??"]
[Round "?"]
[White "Bagirov, Vladimir"]
[Black "Pribyl, Josef"]
[Result "1/2-1/2"]
[WhiteElo "2530"]
[BlackElo "2405"]

1.e4 c5 2.Nc3 Nc6 3.g3 g6 4.Bg2 Bg7 5.d3 d6 6.f4 e5 7.Nh3 Nge7 8.O-O Nd4
9.Be3 O-O 10.g4 exf4 11.Nxf4 b5 12.Rb1 b4 13.Ncd5 Nxd5 14.Nxd5 Ne6
15.Nf4 a5 1/2-1/2

[Event "?"]
[Site "Berliner Sommer"]
[Date "1995.??.??"]
[Round "?"]
[White "Burmakin, Vladimir"]
[Black "Velikhanli, Firuza"]
[Result "1-0"]
[WhiteElo "2500"]
[BlackElo "2355"]

1.d4 Nf6 2.Nf3 g6 3.g3 Bg7 4.Bg2 O-O 5.O-O d6 6.Nc3 Nbd7 7.e4 e5 8.h3 c6
9.Be3 Re8 10.Re1 Qe7 11.Qc1 Nf8 12.a4 a5 13.Qd2 Ne6 14.d5 cxd5
15.exd5 Nc5 16.Nb5 Qd7 17.c3 e4 18.Ng5 Qd8 19.Bxc5 dxc5 20.d6 Rb8
21.Nc7 Rf8 22.Nxe4 Nxe4 23.Rxe4 Bf5 24.Rc4 b6 25.Re1 Kh8 26.b4 axb4
27.cxb4 Rc8 28.Rd1 Be6 29.Nxe6 fxe6 30.a5 cxb4 31.Rxc8 Qxc8 32.d7 Qd8
33.a6 Bc3 34.Qd6 1-0

[Event "?"]
[Site "Berliner Sommer"]
[Date "1995.??.??"]
[Round "?"]
[White "Thesing, Matthias"]
[Black "Virnik Elena"]
[Result "1/2-1/2"]
[WhiteElo "2410"]
[BlackElo "1900"]

1.e4 c5 2.Nc3 e6 3.f4 d5 4.Nf3 Nf6 5.e5 Nfd7 6.d4 Nc6 7.Be3 Be7 8.Qd2 b6
9.O-O-O Bb7 10.Qf2 Rc8 11.h4 cxd4 12.Nxd4 Nxd4 13.Bxd4 Nc5 14.g4 O-O
15.g5 b5 16.Bxb5 Qa5 17.Kb1 Ne4 18.Nxe4 dxe4 19.Qe2 Rc7 20.b3 Rfc8
21.c4 a6 22.Ba4 Rxc4 23.bxc4 Qxa4 24.Rc1 Ba3 25.Bb2 e3 26.Rhd1 Rb8
27.Qxe3 Bxb2 28.Kxb2 Bf3+ 29.Qb3 Rxb3+ 30.axb3 Qa5 31.Rd6 h6 32.c5 Bd5
33.c6 Qd2+ 34.Rc2 Qd4+ 35.Rc3 Qd2+ 1/2-1/2

[Event "?"]
[Site "Berliner Sommer"]
[Date "1995.??.??"]
[Round "?"]
[White "Molinaroli, Martin"]
[Black "Rabiega, Robert"]
[Result "0-1"]
[WhiteElo "2310"]
[BlackElo "2470"]

1.d4 d5 2.c4 e6 3.Nf3 Nf6 4.Nc3 dxc4 5.e3 a6 6.Bxc4 b5 7.Bd3 Bb7 8.O-O c5
9.Qe2 Nbd7 10.Rd1 Qb6 11.Bc2 Rc8 12.e4 cxd4 13.Nxd4 Bc5 14.Be3 O-O
15.a3 Qa7 16.f3 Ne5 17.Bb3 Rfd8 18.Nc2 Bxe3+ 19.Nxe3 Qb6 20.Rxd8+ Rxd8
21.Rd1 Rd4 22.Kf2 h6 23.Rxd4 Qxd4 24.Qd1 Nd3+ 25.Ke2 Nf4+ 26.Kf2 e5
27.Qxd4 exd4 0-1

[Event "?"]
[Site "Berliner Sommer"]
[Date "1995.??.??"]
[Round "?"]
[White "Muse, Mladen"]
[Black "Kadimova, Ilaha"]
[Result "1/2-1/2"]
[WhiteElo "2445"]
[BlackElo "2305"]

1.d4 d5 2.Bg5 c6 3.e3 Qb6 4.Qc1 Bf5 5.Bd3 Bxd3 6.cxd3 e6 7.Nc3 Be7
8.Bxe7 Nxe7 9.Nge2 Nd7 10.O-O O-O 11.Na4 Qa5 12.Qc2 b6 13.a3 c5
14.Rfb1 Rfc8 15.Qd1 c4 16.dxc4 Rxc4 17.Nac3 Qa6 18.Qd3 1/2-1/2

[Event "?"]
[Site "Berliner Sommer"]
[Date "1995.??.??"]
[Round "?"]
[White "Puschkeit Peter"]
[Black "Mattick, Lutz"]
[Result "1-0"]
[WhiteElo "1990"]
[BlackElo "2260"]

1.d4 Nf6 2.c4 e6 3.Nf3 c5 4.Bg5 h6 5.Bh4 cxd4 6.Nxd4 Bb4+ 7.Nc3 Qa5
8.Qc2 Ne4 9.Rc1 d5 10.e3 e5 11.Nb3 Qxa2 12.cxd5 Bf5 13.Bb5+ Kf8
14.Bd3 Nxc3 15.Bxf5 Nxd5+ 16.Kd1 g5 17.Ra1 Qxa1+ 18.Nxa1 gxh4 19.Qc8+ Kg7
20.Qxb7 Rd8 21.Ke2 Nb6 22.Rd1 Rxd1 23.Kxd1 N8d7 24.Ke2 Nc5 25.Qf3 e4
26.Bxe4 Rd8 27.Qg4+ Kf8 28.Bc2 Rd2+ 29.Kf3 a5 30.Qxh4 Ncd7 31.Qxh6+ Ke7
32.Qg7 Nc4 33.g4 Nde5+ 34.Kg3 Bd6 35.f4 Re2 36.Qg5+ f6 37.Qg7+ Nf7
38.Bg6 Rxe3+ 39.Kf2 Bc5 40.Qxf7+ Kd6 41.Kg2 Re2+ 42.Kh3 Re3+ 43.Kh4 Nd2
44.Qxf6+ Kc7 45.g5 Nf3+ 46.Kh5 Nxh2 47.Bf5 Nf1 48.Nc2 Re2 49.Nd4 Rh2+
50.Kg6 1-0

[Event "?"]
[Site "Berliner Sommer"]
[Date "1995.??.??"]
[Round "?"]
[White "Troyke, Christian"]
[Black "Thoren, Per"]
[Result "1-0"]
[WhiteElo "2345"]
[BlackElo "2185"]

1.g3 f5 2.Bg2 Nf6 3.c4 d6 4.Nc3 e5 5.d3 Be7 6.e3 O-O 7.Nge2 Nc6 8.O-O Qe8
9.Rb1 a5 10.a3 Bd7 11.b4 axb4 12.axb4 Qh5 13.b5 Nd8 14.f4 Kh8 15.Nd5 Nxd5
16.Bxd5 e4 17.c5 dxc5 18.dxe4 fxe4 19.Nc3 Bg4 20.Qc2 Bf6 21.Bxe4 c6
22.bxc6 Nxc6 23.Nd5 Be2 24.Re1 Ba6 25.Qxc5 Rfe8 26.Qc2 Bd8 27.Bb2 Rc8
28.Qg2 Ba5 29.Red1 Qf7 30.Bf3 Rcd8 31.e4 Nb4 32.Nxb4 Rxd1+ 33.Bxd1 Bxb4
34.Bxg7+ Qxg7 35.Rxb4 Qc3 36.Qb2 Qxb2 37.Rxb2 Rxe4 38.Bf3 Re7 39.Rb6 Kg7
40.Kf2 Rd7 41.g4 Rf7 42.Ke3 Rf6 43.Rxf6 Kxf6 44.g5+ Kf7 45.Bd5+ Kg7
46.f5 b6 47.h4 Bb5 48.f6+ Kf8 49.Be4 Kg8 50.h5 Be8 51.g6 hxg6 52.hxg6 Bf7
53.Kd4 1-0

[Event "?"]
[Site "Berliner Sommer"]
[Date "1995.??.??"]
[Round "?"]
[White "Zhukova, Natalia"]
[Black "Beshukov, Sergei"]
[Result "0-1"]
[WhiteElo "2360"]
[BlackElo "2435"]

1.d4 c5 2.e3 Nf6 3.Nf3 g6 4.Be2 Bg7 5.O-O O-O 6.c4 cxd4 7.exd4 d5
8.Nc3 Nc6 9.h3 dxc4 10.Bxc4 Na5 11.Be2 Be6 12.Re1 Rc8 13.Ne5 Nd5
14.Bd2 Nc6 15.Nxc6 Rxc6 16.Bf3 Rc4 17.Qe2 Rxd4 18.Bxd5 Bxd5 19.Be3 Bc4
20.Qf3 Rd7 21.Bxa7 b6 22.Qc6 Qc8 23.Qxc8 Rxc8 24.Bxb6 Rb7 25.Be3 Rxb2
26.Rac1 Be6 27.Nd5 Rxc1 28.Rxc1 Bf8 29.Nf4 Bxa2 30.Rc8 Rb1+ 31.Kh2 Kg7
32.Nd3 f6 33.Nc5 Kf7 34.Rc7 Rd1 35.Ne4 Be6 36.Bc5 Rd7 37.Rxd7 Bxd7
38.Be3 Bc6 39.Nc3 e5 40.f3 f5 41.Kg1 Bb4 42.Ne2 Ke6 43.Kf2 Kd5 44.h4 Kc4
45.g4 f4 46.Bxf4 exf4 47.Nxf4 Be7 48.g5 Bc5+ 49.Kg2 Bd6 0-1

[Event "?"]
[Site "Berliner Sommer"]
[Date "1995.??.??"]
[Round "?"]
[White "Manor, Ilan"]
[Black "Von Herman, Ulf"]
[Result "1-0"]
[WhiteElo "2480"]
[BlackElo "2380"]

1.d4 d5 2.c4 c6 3.Nf3 e6 4.g3 dxc4 5.Bg2 Nd7 6.a4 Bb4+ 7.Bd2 a5 8.Qc2 Nb6
9.O-O Ne7 10.Bxb4 axb4 11.Nbd2 b3 12.Qc1 Qd5 13.e4 Qa5 14.Nxc4 Nxc4
15.Qxc4 b5 16.Qxb3 bxa4 17.Qa3 Rb8 18.b3 Ba6 19.Rfc1 Rb4 20.bxa4 O-O
21.Rc5 Qb6 22.a5 Qb7 23.h4 Ra8 24.Qe3 Bb5 25.h5 Qc7 26.h6 Rxa5
27.Rac1 Qb7 28.d5 Ra6 29.Qc3 1-0

[Event "?"]
[Site "Berliner Sommer"]
[Date "1995.??.??"]
[Round "?"]
[White "Novikov, Igor A"]
[Black "Gretarsson, Helgi Ass"]
[Result "1/2-1/2"]
[WhiteElo "2580"]
[BlackElo "2440"]

1.d4 d5 2.c4 c6 3.Nf3 Nf6 4.Nc3 dxc4 5.a4 Na6 6.e4 Bg4 7.Bxc4 e6 8.Be3 Nb4
9.a5 Be7 10.Be2 O-O 11.O-O b5 12.Qb3 Qc7 13.Rfc1 Qb7 14.Bg5 Rfd8
15.Bxf6 gxf6 16.Ne1 Bxe2 17.Nxe2 Rac8 18.Rc3 c5 19.dxc5 Na6 20.Nd3 Nxc5
21.Nxc5 Rxc5 22.Rxc5 Bxc5 23.Qc3 Qxe4 24.Qxf6 Qd5 25.Nc3 Qd4 26.Qf3 Qe5
27.g3 b4 28.Rd1 Rxd1+ 29.Nxd1 Bd4 30.Qd3 Kg7 31.b3 h6 32.a6 Bc5
33.Kf1 Kf6 1/2-1/2

[Event "?"]
[Site "Berliner Sommer"]
[Date "1995.??.??"]
[Round "?"]
[White "Rogic, Davor"]
[Black "Greenfeld Alon"]
[Result "1-0"]
[WhiteElo "2435"]
[BlackElo "2570"]

1.e4 c5 2.Nf3 d6 3.d4 cxd4 4.Nxd4 Nf6 5.Nc3 Nc6 6.Bc4 Qb6 7.Nb3 e6
8.O-O Be7 9.Be3 Qc7 10.f4 a6 11.Bd3 b5 12.Qf3 O-O 13.Qh3 Bb7 14.Rae1 g6
15.f5 exf5 16.exf5 Ne5 17.Bg5 b4 18.Ne4 Bxe4 19.Bxe4 Nxe4 20.Bxe7 Qa7+
21.Qe3 Qxe7 22.Qxe4 Rac8 23.Kh1 Qg5 24.Nd4 Rc5 25.fxg6 hxg6 26.Re3 Ng4
27.Ref3 Re5 28.Qb7 Ne3 29.Rxf7 1-0

[Event "?"]
[Site "Berliner Sommer"]
[Date "1995.??.??"]
[Round "?"]
[White "Eingorn, Vereslav S"]
[Black "Salzmann, Juergen"]
[Result "1-0"]
[WhiteElo "2600"]
[BlackElo "2155"]

1.d4 f5 2.g3 Nf6 3.Bg2 g6 4.Nh3 Bg7 5.Nf4 d6 6.d5 O-O 7.h4 Qe8 8.Nc3 Na6
9.O-O Nc5 10.Be3 e5 11.dxe6 Nxe6 12.Qd2 Nxf4 13.Bxf4 Bd7 14.Nd5 Ne4
15.Qe3 Rc8 16.f3 c6 17.fxe4 cxd5 18.Qb3 fxe4 19.Qxd5+ Be6 20.Qxe4 Rc4
21.Qd3 Rd4 22.Qe3 Rb4 23.Kh2 Rxb2 24.Bxd6 Rxf1 25.Rxf1 Qd7 26.Be5 Bxe5
27.Qxe5 Rxc2 28.h5 Rd2 29.h6 Rc2 30.Rf6 Bxa2 31.Bh3 Qd8 32.Rxg6+ 1-0

[Event "?"]
[Site "Berliner Sommer"]
[Date "1995.??.??"]
[Round "?"]
[White "Tregubov, Pavel V"]
[Black "Lelchuk, Zoja"]
[Result "1-0"]
[WhiteElo "2490"]
[BlackElo "2335"]

1.Nf3 Nf6 2.g3 d5 3.Bg2 Bg4 4.c4 c6 5.Ne5 dxc4 6.Nxg4 Nxg4 7.Na3 e6
8.O-O Ne5 9.b3 cxb3 10.Qxb3 Qb6 11.Rb1 Nbd7 12.d4 Qxb3 13.Rxb3 Bxa3
14.Bxa3 Nc4 15.Rxb7 Nxa3 16.Bxc6 O-O-O 17.Rxa7 Nc2 18.Rc1 Nxd4
19.Bf3+ Kb8 20.Ra8# 1-0

[Event "?"]
[Site "Berliner Sommer"]
[Date "1995.??.??"]
[Round "?"]
[White "Zagorskis, Darius"]
[Black "Zorman, Vojko"]
[Result "1-0"]
[WhiteElo "2520"]
[BlackElo "2360"]

1.d4 d5 2.c4 c6 3.Nf3 e6 4.Qc2 f5 5.Bf4 Bd6 6.e3 Ne7 7.Nc3 O-O 8.Bd3 Bxf4
9.exf4 c5 10.dxc5 d4 11.Ne2 Nec6 12.Qd2 Na6 13.O-O-O Nxc5 14.Bb1 d3
15.Bxd3 Nb4 16.Bb1 Qa5 17.Qe3 Bd7 18.Nc3 Ba4 19.Nxa4 Nxa4 20.a3 Na6
21.Bc2 N4c5 22.Ne5 Rac8 23.Qd2 Qc7 24.Kb1 Rfd8 25.Qe3 b6 26.b4 Nb7
27.Bb3 Rxd1+ 28.Rxd1 Rd8 29.Rxd8+ Nxd8 30.Ba4 Nb8 31.Kb2 Kf8 32.c5 Ke7
33.cxb6 axb6 34.Qd4 Qd6 35.Qxd6+ Kxd6 36.Kc3 h6 37.Kd4 g5 38.fxg5 hxg5
39.Bb5 g4 40.a4 1-0

[Event "?"]
[Site "Berliner Sommer"]
[Date "1995.??.??"]
[Round "?"]
[White "Kuporosov, Viktor"]
[Black "Sofieva, Ainur"]
[Result "1-0"]
[WhiteElo "2495"]
[BlackElo "2350"]

1.e4 e5 2.Nf3 Nc6 3.Bb5 a6 4.Ba4 Nf6 5.d3 d6 6.c3 Be7 7.O-O O-O 8.Re1 b5
9.Bb3 Na5 10.Bc2 c5 11.Nbd2 Re8 12.Nf1 Bf8 13.Ng3 g6 14.h3 h6 15.d4 Qc7
16.d5 c4 17.Be3 Nb7 18.Qd2 Kh7 19.Nh2 Bg7 20.Rf1 Nd7 21.f4 exf4
22.Rxf4 Ne5 23.Raf1 Qe7 24.Bd4 Nd8 25.Nf3 Nxf3+ 26.R1xf3 Bxd4+
27.cxd4 Kg7 28.Nh5+ gxh5 29.Rg3+ Kf8 30.Rf2 Qh4 31.Qxh6+ Ke7 32.e5 Nb7
33.Rxf7+ Kd8 34.Rxb7 Qxd4+ 35.Re3 Bd7 36.e6 Ra7 37.Rxa7 Qxa7 38.Kh2 Re7
39.Bg6 Be8 40.Bxe8 Rxe8 41.Qf6+ Kc8 42.Qf7 1-0

[Event "?"]
[Site "Berliner Sommer"]
[Date "1995.??.??"]
[Round "?"]
[White "Deev, Andrei"]
[Black "Brodsky, Michail"]
[Result "0-1"]
[WhiteElo "2555"]
[BlackElo "2420"]

1.e4 c5 2.Nf3 e6 3.d3 Nc6 4.g3 d5 5.Nbd2 Bd6 6.Bg2 Nge7 7.O-O O-O
8.Re1 Bc7 9.c3 dxe4 10.dxe4 b6 11.Qc2 Ba6 12.Bf1 Qc8 13.Nc4 Ng6
14.Be3 Rd8 15.Red1 Bb7 16.Rxd8+ Qxd8 17.Rd1 Qe7 18.Bg5 f6 19.Bc1 b5
20.Ne3 a6 21.a4 c4 22.Bg2 Nge5 23.Ne1 Bb6 24.axb5 axb5 25.f4 Nd7
26.b4 cxb3 27.Qxb3 Ra5 28.Kh1 Nc5 29.Qc2 Na7 30.f5 Ra4 31.c4 b4
32.fxe6 b3 33.Qb1 Qxe6 34.Rd5 Nc8 35.Nd3 Nxd3 36.Rxd3 Bxe4 37.Qxb3 Ra1
38.Qb2 Rxc1+ 39.Qxc1 Bxd3 40.Bd5 Be4+ 41.Ng2 Bxd5 42.cxd5 Qf5 0-1

[Event "?"]
[Site "Berliner Sommer"]
[Date "1995.??.??"]
[Round "?"]
[White "Gleizerov, Evgeny"]
[Black "Zontakh, Andrey"]
[Result "1/2-1/2"]
[WhiteElo "2545"]
[BlackElo "2460"]

1.d4 d5 2.c4 c6 3.Nf3 e6 4.g3 Nf6 5.Bg2 Be7 6.O-O O-O 7.Nc3 Nbd7 8.b3 b6
9.Bb2 Ba6 10.Qd3 Rc8 11.a4 Bb4 12.Rfd1 Qe7 13.e3 Rfd8 14.Qe2 dxc4
15.bxc4 Bxc3 16.Bxc3 c5 17.a5 cxd4 18.Nxd4 Bxc4 19.Qb2 Nd5 20.Nf5 exf5
21.Bxd5 Nf6 22.Bxc4 Rxd1+ 23.Rxd1 Rxc4 24.Bxf6 Qxf6 25.Qb5 Re4
26.Qxf5 Re6 27.Qd5 g6 28.Qa8+ Kg7 29.Qxa7 bxa5 30.Qxa5 h5 31.h4 Re8
32.Rd4 Rc8 33.Rf4 Rc1+ 34.Kh2 Qc6 35.Qe5+ Kg8 36.Qb8+ Kg7 37.Qe5+ Kg8
38.e4 Qd7 39.Qb8+ Rc8 40.Qb2 Qe6 41.Qd4 Re8 42.Kg2 Re7 43.Qd5 Kg7
44.Qd2 Re8 45.Kh2 Re7 46.Qe1 Qe5 47.Qb4 Re6 48.Qb7 Re7 49.Qb3 Re6
50.Kg2 Re7 51.Qd5 Re6 52.Qd2 Rd6 53.Qe3 Re6 54.Qf3 Re7 55.Kh2 Kg8
56.Qe2 Re6 57.Qd2 Kg7 58.Kg2 Rd6 59.Qa2 Re6 60.Qa8 Re8 61.Qd5 Re6
62.Qd1 Re7 63.Qf3 Rc7 64.Kg1 Re7 65.Qd1 Re6 66.Qb3 Kg8 67.Kf1 Kg7
68.Qb7 Re7 69.Qd5 Re6 70.Kg2 Kg8 71.Qxe5 Rxe5 72.Kf3 Kg7 73.Ke3 Ra5
74.Rf3 Ra4 75.Kd3 Ra3+ 76.Ke2 Ra2+ 77.Kf1 Ra1+ 78.Ke2 Ra2+ 79.Ke3 Ra4
80.Kf4 f5 81.Re3 fxe4 82.Rxe4 Ra5 83.f3 Kf6 84.Rb4 Rf5+ 85.Ke4 Re5+
86.Kd4 Re6 87.Rb5 Ra6 88.Rc5 Rd6+ 89.Ke4 Ra6 90.Rc4 Rb6 91.Kf4 Ra6
92.Rb4 Rc6 93.g4 hxg4 94.fxg4 g5+ 95.hxg5+ Kg6 96.Rb5 Ra6 97.Kg3 Ra1 1/2-1/2

[Event "?"]
[Site "Berliner Sommer"]
[Date "1995.??.??"]
[Round "?"]
[White "Rechlis, Gad"]
[Black "Ingbrandt, Johan"]
[Result "1-0"]
[WhiteElo "2490"]
[BlackElo "2350"]

1.e4 e5 2.Nf3 Nc6 3.Bb5 a6 4.Bxc6 dxc6 5.O-O f6 6.d4 Bg4 7.c3 Bd6
8.Nbd2 Nh6 9.h3 Be6 10.c4 Nf7 11.c5 Be7 12.Nb3 Qd7 13.Be3 Rd8
14.dxe5 fxe5 15.Na5 Bxh3 16.gxh3 Qxh3 17.Nd2 Ng5 18.Bxg5 Bxg5 19.Qf3 Qh6
20.Ndc4 Rf8 21.Qg2 Bf4 22.Rfd1 Rxd1+ 23.Rxd1 Rf6 24.Kf1 Qh5 25.Rd3 Rh6
26.Nxb7 Qf7 27.b3 1-0